Normal view
MARC view
Entry Personal Name
001 - CONTROL NUMBER
- control field: 67988
003 - CONTROL NUMBER IDENTIFIER
- control field: dpl
005 - DATE AND TIME OF LATEST TRANSACTION
- control field: 20240702151242.0
008 - FIXED-LENGTH DATA ELEMENTS
- fixed length control field: 240702|| aca||aabn | a|a d
040 ## - CATALOGING SOURCE
- Original cataloging agency: dpl
- Transcribing agency: dpl
100 ## - HEADING--PERSONAL NAME
- Personal name: Gupta , Kavita
670 ## - SOURCE DATA FOUND
- Source citation: Work cat.: (dpl)203589: Gupta , Kavita, Festivals of India /, 2023
